Statistics for African Country Superlatives

Click here to take the quiz!

General Stats

  • This quiz has been taken 668 times
  • The average score is 8 of 22

Answer Stats

SuperlativeCountry% Correct
Biggest Population177,096,000Nigeria
95%
Biggest Economy$555 billionSouth Africa
88%
Greatest Land Area2,381,740 km2Algeria
87%
Smallest Population94,000Seychelles
70%
Smallest Land Area451 km2Seychelles
67%
Top Tourist Destination9,497,000Egypt
50%
Highest Country5892 m / 19,331 ftTanzania
47%
Smallest Economy$379 millionSão Tomé and Príncipe
38%
Richest Country$26,400Equatorial Guinea
23%
Top Platinum Producer168 tonsSouth Africa
22%
Most Corrupt Country65/100Somalia
21%
Top Cacao Producer1,330,000 tonsCôte d'Ivoire
20%
Poorest Country$400Democratic Republic of the Congo
20%
Top Vanilla Producer6,200 tonsMadagascar
16%
Longest Life Expectancy77.7 YearsLibya
15%
Lowest Country-125 m / -410 ftEthiopia
14%
Coldest Country-24.0°CMorocco
14%
Hottest Country55.0°CTunisia
14%
Least Corrupt Country8/100Botswana
12%
Shortest Life Expectancy31.9 YearsSwaziland
10%
Highest Literacy Rate93.9%Equatorial Guinea
6%
Lowest Literacy Rate21.8%Burkina Faso
5%

Score Distribution

Percentile by Number Answered

Percent of People with Each Score

Your Score History

You have not taken this quiz